The market revolution and its limits : (Record no. 3728)

000 -LEADER
fixed length control field 01216pam a2200337 a 4500
001 - CONTROL NUMBER
control field 1199429
003 - CONTROL NUMBER IDENTIFIER
control field Nust
005 - DATE AND TIME OF LATEST TRANSACTION
control field 20170105101223.0
008 - FIXED-LENGTH DATA ELEMENTS--GENERAL INFORMATION
fixed length control field 980722s1999 enka b 001 0 eng
010 ## - LIBRARY OF CONGRESS CONTROL NUMBER
LC control number 98035365
020 ## - INTERNATIONAL STANDARD BOOK NUMBER
International Standard Book Number 0415157366
020 ## - INTERNATIONAL STANDARD BOOK NUMBER
International Standard Book Number 0415157358 (pbk.)
035 ## - SYSTEM CONTROL NUMBER
System control number (DLC) 98035365
040 ## - CATALOGING SOURCE
Original cataloging agency DLC
Transcribing agency DLC
Modifying agency DLC
050 00 - LIBRARY OF CONGRESS CALL NUMBER
Classification number HB95
Item number .S53 1999
082 00 - DEWEY DECIMAL CLASSIFICATION NUMBER
Classification number 338.9
Edition number 21
100 1# - MAIN ENTRY--PERSONAL NAME
Personal name Shipman, Alan,
Dates associated with a name 1966-
245 14 - TITLE STATEMENT
Title The market revolution and its limits :
Remainder of title a price for everything /
Statement of responsibility, etc. Alan Shipman.
260 ## - PUBLICATION, DISTRIBUTION, ETC.
Place of publication, distribution, etc. London ;
-- New York :
Name of publisher, distributor, etc. Routledge,
Date of publication, distribution, etc. 1999.
300 ## - PHYSICAL DESCRIPTION
Extent viii, 493 p. :
Other physical details ill. ;
Dimensions 24 cm.
504 ## - BIBLIOGRAPHY, ETC. NOTE
Bibliography, etc. note Includes bibliographical references (p. [475]-488) and index.
650 #0 - SUBJECT ADDED ENTRY--TOPICAL TERM
Topical term or geographic name entry element Free enterprise.
650 #0 - SUBJECT ADDED ENTRY--TOPICAL TERM
Topical term or geographic name entry element Markets.
650 #0 - SUBJECT ADDED ENTRY--TOPICAL TERM
Topical term or geographic name entry element Privatization.
650 #0 - SUBJECT ADDED ENTRY--TOPICAL TERM
Topical term or geographic name entry element Deregulation.
856 42 - ELECTRONIC LOCATION AND ACCESS
Materials specified Publisher description
Uniform Resource Identifier <a href="http://www.loc.gov/catdir/enhancements/fy0649/98035365-d.html">http://www.loc.gov/catdir/enhancements/fy0649/98035365-d.html</a>
856 42 - ELECTRONIC LOCATION AND ACCESS
Materials specified Contributor biographical information
Uniform Resource Identifier <a href="http://www.loc.gov/catdir/enhancements/fy1102/98035365-b.html">http://www.loc.gov/catdir/enhancements/fy1102/98035365-b.html</a>
906 ## - LOCAL DATA ELEMENT F, LDF (RLIN)
a 7
b cbc
c orignew
d 1
e ocip
f 19
g y-gencatlg
942 ## - ADDED ENTRY ELEMENTS (KOHA)
Source of classification or shelving scheme
Koha item type Book
Holdings
Withdrawn status Lost status Source of classification or shelving scheme Damaged status Not for loan Collection code Permanent Location Current Location Shelving location Date acquired Total Checkouts Full call number Barcode Date last seen Price effective from Koha item type
            Central Library (CL) Central Library (CL) General Stacks 11/29/2016   338.9 SHI S3H-N-1273 11/29/2016 11/29/2016 Book
© 2023 Central Library, National University of Sciences and Technology. All Rights Reserved.